|
|
|
|
| LEADER |
00000cam a2200000 7i4500 |
| 001 |
0000004012 |
| 005 |
20150107.0 |
| 020 |
0 |
0 |
|a 9679785394
|
| 090 |
0 |
0 |
|a 338.9595
|b EKO 2006
|
| 245 |
0 |
0 |
|a Malaysia's Economic Devwlopmwnt :
|b Policy & Reform
|c edited by Jomo K.S & Ng Suew Kiat
|
| 260 |
0 |
0 |
|a Petaling Jaya, Selangor :
|b Academe Art & Printing Services Sdn. Bhd ,
|c 2006
|
| 300 |
|
|
|a 476 p. ;
|c 23 cm.
|
| 500 |
0 |
0 |
|a Includes bibliographical references
|
| 650 |
0 |
0 |
|a Economic development
|x Malaysia
|
| 650 |
0 |
0 |
|a Malaysia
|x Economic conditions
|
| 650 |
0 |
0 |
|a Malaysia
|x Economic policy
|
| 700 |
1 |
1 |
|a Jomo Kwame Sundaram
|
| 700 |
1 |
1 |
|a Ng Suew Kiat
|
| 998 |
|
|
|a Malaysia Institute of Economic Research
|
| 999 |
|
|
|a 007839
|b Monograph
|c Open Shelf
|e Default branch
|